000 00696nam a22002057a 4500
003 OSt
005 20251127134420.0
008 251127b |||||||| |||| 00| 0 eng d
020 _a978-1-4468-0073-5
040 _aDWCL-Main lib.
_cOC
082 _2-- Second edition.
_aCirc. 394.26068 R111e 2013
100 _aRaj, Razaq
245 _aEvent management :
_bprinciples & practice/
_cRazaq Raj
250 _a-- Second edition.
260 _aLos Angeles, CA :
_bSAGE Publications,
_cc2013.
300 _aviii, 392 pages :
_b illustrations ;
_c23 centimeters.
504 _aIncludes bibliographical references
650 _aSpecial events--Management.
942 _2ddc
_cBK-CIRC
_hCirc.
_n0
999 _c6467
_d6467